| 000 | 00673nam a22002417a 4500 | ||
|---|---|---|---|
| 003 | UA-OsUOA | ||
| 001 | 34852 | ||
| 007 | ta | ||
| 008 | 20051024b un ||||| |||| 00| 0 ukr d | ||
| 100 | _aВенгер А.Л. | ||
| 090 |
_a159.923 _bВ29 |
||
| 942 | _cBK | ||
| 040 |
_aUA-OsUOA _brus _cUA-OsUOA _dUA-OsUOA |
||
| 245 |
_aПсихологические рисуночные тесты _bиллюстрированное руководство |
||
| 300 | _a159 с. | ||
| 955 | _a2 | ||
| 041 | _arus | ||
| 080 | _a159.923 | ||
| 020 | _a5-305-00058-0 | ||
| 260 |
_aМ. _bВладос Пресс _c2005 |
||
| 650 | 7 |
_a159.9 Психологія _2UDC |
|
| 999 |
_c321286 _d321286 |
||